000 00460nam a2200181Ia 4500
001 22708
005 20260414150849.0
008 260414t2013||||xx |||||||||||||| ||spa||
041 _aESP
082 _a621.38456
_bH89
100 _aHuidobro Moya, José Manuel
_eAUT
245 0 _aComunicaciones móviles :
_bsistemas GSM, UMTS Y LTE
260 _c2013
300 _a425 páginas :
_c22 cm.
650 _aTCA
654 _aCET
942 _cLIB
_dJUS
_fJUS
_2ddc
_n
999 _c22708
_d22708